2024-2025 NFL Starting QBs - Statistics

General Stats
  • This quiz has been taken 2,760 times
    2,647 since last reset
  • The average score is 28 of 32
Answer Stats
Team Quarterback % Correct
Baltimore Ravens Lamar Jackson
98%
Buffalo Bills Josh Allen
97%
Cincinnati Bengals Joe Burrow
95%
Kansas City Chiefs Patrick Mahomes
95%
Dallas Cowboys Dak Prescott
93%
Detroit Lions Jared Goff
93%
Arizona Cardinals Kyler Murray
93%
Houston Texans CJ Stroud
92%
Green Bay Packers Jordan Love
92%
Atlanta Falcons Kirk Cousins
91%
Denver Broncos Bo Nix
90%
Carolina Panthers Bryce Young
90%
Chicago Bears Caleb Williams
90%
Miami Dolphins Tua Tagovailoa
90%
Philadelphia Eagles Jalen Hurts
89%
Jacksonville Jaguars Trevor Lawrence
89%
San Francisco 49ers Brock Purdy
88%
Los Angeles Rams Matthew Stafford
88%
New York Jets Aaron Rodgers
87%
Los Angeles Chargers Justin Herbert
86%
Tampa Bay Buccanneers Baker Mayfield
85%
Seattle Seahawks Geno Smith
84%
Minnesota Vikings Sam Darnold
83%
Indianapolis Colts Anthony Richardson
82%
Washington Commanders Jayden Daniels
82%
Pittsburgh Steelers Russell Wilson
82%
Cleveland Browns Deshaun Watson
81%
New York Giants Daniel Jones
80%
New Orleans Saints Derek Carr
79%
Tennessee Titans Will Levis
71%
Las Vegas Raiders Gardner Minshew
63%
New England Patriots Jacoby Brissett
60%
No matching quizzes found
Score Distribution
Percent of People with Each Score
Percentile by Number Answered
Your Score History
You have not taken this quiz since the last reset